| 000 | 00441nam a22001577a 4500 | ||
|---|---|---|---|
| 005 | 20251108165225.0 | ||
| 008 | 250721s1995 xx 000 0 ara d | ||
| 082 | 1 | 4 | _a612.11/خضر |
| 100 | 1 | _aالجوراني، خضر حسن علي | |
| 245 | 1 | 0 | _aأسس علم الدم الحديث / |
| 264 | 1 |
_aعمان : _bمؤسسة زهران للنشر، _c1995. |
|
| 300 | _a382ص | ||
| 650 | 1 | 7 | _aالدم |
| 942 |
_2ddc _cBK |
||
| 999 |
_c22559 _d22559 |
||